100 Largest Islands of North America - Statistics

General Stats
  • This quiz has been taken 262 times
    199 since last reset
  • The average score is 26 of 100
Answers on the Map
Answers color-coded by a green-red scale on the quiz's map according to % correct below.
 
Answer Stats
Area (km²) Answer % Correct
105,806 Cuba
96%
73,929 Hispaniola
92%
11,190 Jamaica
92%
108,860 Newfoundland
90%
507,451 Baffin Island
88%
31,285 Vancouver Island
83%
217,291 Victoria Island
83%
5,009 Trinidad
82%
196,236 Ellesmere Island
80%
3,629 Long Island
79%
9,100 Puerto Rico
79%
5,620 Prince Edward Island
78%
2,130,800 Greenland
75%
1,005 | 70,028 Banks Island
60%
1,167 Martinique
57%
9,311 Kodiak Island
55%
1,096 Grand Bahama
50%
55,247 Devon Island
44%
7,941 Anticosti Island
41%
10,311 Cape Breton Island
39%
33,339 | 6,675 Prince of Wales Island
39%
41,214 Southampton Island
35%
24,786 Somerset Island
33%
2,722 Unalaska Island
33%
43,178 Axel Heiberg Island
32%
2,237 Isla de la Juventud
32%
1,020 Isla de Margarita
31%
42,149 Melville Island
29%
2,358 Cornwall Island
28%
9,521 Prince Charles Island
28%
3,439 North Andros Island
27%
5,135 St. Lawrence Island
27%
1,448 South Andros Island
26%
6,995 Cornwallis Island
25%
13,111 King William Island
25%
2,766 Manitoulin Island
25%
15,848 Prince Patrick Island
24%
16,042 Bathurst Island
23%
848 Basse-Terre
22%
1,378 | 6,361 Graham Island
21%
1,146 Great Abaco
20%
5,255 Amund Ringnes Island
19%
5,498 Coats Island
19%
11,067 Bylot Island
18%
11,295 Ellef Ringnes Island
18%
8,612 Disko Island
17%
5,048 Mackenzie King Island
17%
893 Attu Island
16%
5,388 Chichagof Island
16%
4,119 Unimak Island
15%
1,717 Geographical Society Island
14%
3,001 Akimiski Island
13%
4,065 Baranof Island
13%
4,362 Admiralty Island
12%
1,615 Great Inagua Island
12%
2,608 Moresby Island
12%
1,793 Umnak Island
12%
2,251 Princess Royal Island
11%
1,190 Tiburón Island
11%
2,794 Borden Island
10%
3,180 Mansel Island
10%
3,542 Traill Island
10%
1,720 Air Force Island
9%
1,061 Atka Island
9%
3,913 Milne Land
9%
1,372 Nottingham Island
9%
2,965 Revillagigedo Island
9%
2,813 Kupreanof Island
8%
4,209 Nunivak Island
8%
1,375 Pitt Island
8%
2,020 René-Levasseur Island
8%
1,015 Resolution Island
8%
4,463 Stefansson Island
8%
1,137 Wales Island
8%
1,059 Cameron Island
7%
2,437 Ymer Island
7%
1,150 Byam Martin Island
6%
1,535 Clavering Island
6%
1,541 Eglinton Island
6%
1,585 Flaherty Island
6%
931 Isla Ángel de la Guarda
6%
1,308 Lougheed Island
6%
1,466 Nares Land
6%
1,126 Île Vanier
5%
1,962 Kuiu Island
5%
2,165 Richards Island
5%
1,259 Shannon Island
5%
878 Etolin Island
4%
955 Meighen Island
4%
2,183 Nelson Island
4%
1,090 Rowley Island
4%
804 Salisbury Island
4%
1,809 Afognak Island
3%
803 Qikiqtarjuaq
2%
903 Akpatok Island
1%
920 Kapuiviit
0%
997 Nagjuttuuq
0%
No matching quizzes found
Score Distribution
Percent of People with Each Score
Percentile by Number Answered
Your Score History
You have not taken this quiz since the last reset